[Event "Politiken Cup 22nd"]
[Site "Copenhagen"]
[Date "2000.07.23"]
[Round "7"]
[White "McShane, Luke J"]
[Black "Golod, Vitali"]
[Result "1-0"]
[WhiteElo "2485"]
[BlackElo "2590"]
[Annotator "Golod,V"]
[PlyCount "103"]
[EventDate "2000.07.17"]
[EventType "swiss"]
[EventRounds "11"]
[EventCountry "DEN"]
[SourceTitle "CBM 077 Extra"]
[Source "ChessBase"]
[SourceDate "2000.09.14"]
[SourceVersion "1"]
[SourceVersionDate "2000.09.14"]
[SourceQuality "1"]

1. e4 e5 2. Nf3 Nc6 3. Bb5 a6 4. Ba4 Nf6 5. O-O Nxe4 6. d4 b5 7. Bb3 d5 8. dxe5
Be6 9. Nbd2 Bc5 10. Nxe4 $5 dxe4 11. Bxe6 {[%mdl 4] Besides white has two
lines:} (11. Qxd8+ $143) ({and} 11. Ng5 $1 {You can see comments to Khalifman,
A-Golod,V/Belgrad,1999/CBM 69 (1/2-1/2)(Golod,V) (52)}) 11... Qxd1 12. Rxd1
fxe6 13. Ng5 O-O 14. Nxe4 Bb6 {} 15. Kf1 $5 {There are two principales
alternatives:} (15. a4 $5 {See comments to Gruenfeld,Y-Mikhalevski,A/Jerusalem,
1996/CBM 56(1-0) (Kanstler,B)(45)}) ({and} 15. Be3 $5 {See comments to Wahls,
M-Haba,P/BRD, 1991/Inf 51/333(1/2-1/2)(Haba,P)(25)}) 15... Nxe5 ({Other
possibilities are:} 15... Rf5 $5) ({and} 15... h6 $5 {See comments to Zontakh,
A-Skembris,S/Cutro,1999/Inf 75/309 (1/2-1/2) (Skembris,S)(44)}) 16. Ke2 Nc4 $5
$146 {[%mdl 8] This move was not played in the next games:} (16... Rad8 $5 17.
Bg5 Rxd1 18. Rxd1 Nc4 19. Be7 Re8 20. b3 Rxe7 21. bxc4 bxc4 22. Rd8+ Kf7 23. c3
h6 $11 {See Shtyrenkov,V-Golod,V/Smolensk,1991 (1/2-1/2)(36)}) (16... Ng4 17.
f3 Nf6 18. Nc3 Rad8 19. Rxd8 Rxd8 20. Bd2 Nd5 {+/=/= Adams,M-Pribyl,M/GER-chT,
1996(1-0) (57)}) 17. f3 Rad8 {[%csl Re4][%cal Gc4d6]} 18. Rxd8 $1 Rxd8 19. Bg5
Rd5 ({It deserves attention:} 19... Rd7 $5 20. b3 Nd6 21. Rd1 Nxe4 (21... Kf7
$143 22. c4 $1 $36 {[%cal Gc4c5]} (22. Bf4 Ke7)) 22. Rxd7 Nxg5 23. Rd8+ Kf7 24.
h4 Ke7 25. Rg8 Nf7 (25... Kf7 $4 26. Ra8 $18 {[%csl Ra6,Rg5]}) 26. Rxg7 Kf6 (
26... Kf8 $2 27. Rxh7 Kg8 28. Rh5 Kg7 29. g4 Kg6 30. f4 $18 {[%cal Gf4f5]}) 27.
Rg8 $14 (27. Rxh7 $4 Kg6 {[%csl Rh7]} 28. Rxf7 Kxf7 $19)) ({Extremely dubious:
} 19... Rc8 20. b3 Nd6 21. Rd1 $14) 20. b3 Nd6 21. Bf4 Nf5 $2 {After this move
white has a big positional advantage.} ({Can be recommended:} 21... e5 $5 22.
Bg3 (22. Bd2 $2 Nxe4 23. fxe4 Rd4 $15 {[%csl Re4]} 24. c3 $140 $2 Rxe4+ 25. Kf3
Rh4 $17) (22. Nc3 Rc5 23. Bd2 Nf5 $13 {[%cal Gc5c6]} (23... b4 $2 24. Na4 Rxc2
25. Kd3 Rc6 26. Bxb4 $16)) 22... Nxe4 23. fxe4 Rd4 24. Kf3 Rd2 25. Rc1 b4 26.
Be1 (26. Bxe5 Rf2+ 27. Kg3 Re2 $11) 26... Rd4 27. Ra1 {[%cal Ga2a3] +/=/=}) ({
Is a possible continuation of the play:} 21... Nxe4 22. fxe4 Rd4 23. c3 Rd7 (
23... Rxe4+ $4 24. Kf3 {[%csl Re4]}) 24. a4 Kf7 {+/=/=}) 22. c3 $14 h6 23. a4
$1 {[%csl Ga1,Rc7][%cal Ga4a5]} bxa4 $6 ({Probably,better is:} 23... Rd7) 24.
Rxa4 Rb5 (24... a5 $2 25. g4 {/\ 26.c4+-}) 25. g4 $1 $16 Ne7 {It's best move.}
({Leads to hopeless position:} 25... Nh4 $2 26. Bg3 $1 (26. c4 $2 Rxb3 {
[%csl Rf3]}) 26... Ng6 (26... g5 27. Bxh4 gxh4 28. c4 Rxb3 29. c5 Ba7 30. Rxa6
$18) 27. c4 Rxb3 28. c5 Ba7 29. Rxa6 $18) ({and} 25... g5 $2 26. gxf5 exf5 (
26... gxf4 27. fxe6 $18) 27. c4 $1 (27. Nf6+ $2 Kf7 28. c4 $140 Rxb3 29. Be5 $2
(29. c5 $1 $11) 29... Re3+ {[%csl Re5]}) 27... Rxb3 (27... Ra5 28. Rxa5 Bxa5
29. Nf6+ Kf7 30. Be5 $18) 28. Nd2 $18) 26. c4 $1 Rxb3 (26... Ra5 $143 27. Rxa5
Bxa5 28. Nc5 {[%csl Ra6,Re6]}) 27. c5 Nd5 28. Bg3 $5 ({After:} 28. Bd2 {
interestingly:} a5 (28... Ba7 $143 29. Rxa6 Bb8 30. Rxe6 {+/-/+-}) 29. cxb6
cxb6 $16) 28... a5 $6 {At white's bishops to g3,this idea very dubious.} ({
Most probably more stubborn resistance after:} 28... Ba7 29. Rxa6 Bb8 30. Rxe6
Kf7 31. Ra6 Rb2+ 32. Ke1 Rb1+ 33. Kf2 Rb2+ 34. Kg1 $16) 29. cxb6 cxb6 {[%mdl
1024]} 30. Be5 $1 {/^a1-h8} Kf7 31. Rc4 b5 32. Rc5 {[%csl Rb3,Ge4,Rf7][%cal
Gc5b5]} ({A little bit better is:} 32. Rc8 $5 a4 33. Ra8 a3 34. Ra7+ Ke8 35.
Bxg7 $18) 32... Ke7 33. Nc3 a4 34. Kd2 {[%cal Gc5b5]} Nb6 $8 ({Much worse is:} 
34... b4 35. Nxd5+ exd5 36. f4 $18) 35. Bxg7 ({White win right away after:} 35.
Nxb5 Nd7 36. Bd6+ Kf6 (36... Kd8 $143 37. Rh5 Rxf3 (37... Nf6 38. Nd4 $18) (
37... g6 $2 38. Rxh6 Rxb5 $140 39. Rh8+ {[%csl Rd8]} Nf8 40. Rxf8+ Kd7 41. Bg3
$18) 38. Nd4 $18) 37. Rc7 Rxb5 38. Rxd7 Rd5+ 39. Kc2 Kg6 40. Rd8 $18 {[%cal
Gd6e7,Gd6c7]}) 35... b4 36. Ne4 Rxf3 37. Rc7+ Kd8 38. Rc6 {[%csl Rb6,Re6]} Nd7
(38... Nd5 $143 39. Rxe6 {[%csl Rd5,Rd8][%cal Ge6d6]}) 39. Rc4 {[%csl Ra4,Rb4]}
Rh3 40. Rxb4 Rxh2+ 41. Ke3 a3 42. Ra4 $1 a2 $140 ({Senselessly:} 42... Nb6 43.
Ra7 Nd5+ 44. Kf3 {[%csl Rd8]} Rh3+ 45. Ng3 $18) 43. Nf2 $1 $18 {[%csl Rh2]} h5
(43... Rg2 44. Kf3 $1 Rg1 $140 45. Nh3 Rf1+ 46. Kg2 $18 {[%csl Ra2,Rh6]}) 44.
g5 Rg2 45. Bf6+ Kc7 (45... Nxf6 46. gxf6 Ke8 47. Rxa2 (47. Ne4 $5) 47... Kf7
48. Kf3 Rg1 (48... Rh2 49. Kg3 {[%csl Rh2]}) 49. Ne4 $18) 46. Kf3 {The rest is
the matter of technics.} Rg1 47. Rxa2 h4 48. Rc2+ $1 Kb7 49. Ne4 h3 50. Nd6+
Ka8 $8 (50... Kb8 51. Rc8+ Ka7 52. Bd4+ {[%csl Ra7,Rg1]}) (50... Ka6 51. Ra2+
Kb6 52. Bd4+ {[%csl Rb6,Rg1]}) (50... Kb6 51. Bd4+ {[%csl Rb6,Rg1]}) 51. Rc8+
Nb8 52. Rh8 {[%csl Gg5,Rh3] Whole this game despite the my mistakes Luke
McShane conducted very strong.} 1-0

[Event "EU-Cup 16th"]
[Site "Neum"]
[Date "2000.09.25"]
[Round "2.3"]
[White "Kovacevic, Aleksandar"]
[Black "Golod, Vitali"]
[Result "1/2-1/2"]
[WhiteElo "2513"]
[BlackElo "2590"]
[Annotator "Golod,V"]
[PlyCount "72"]
[EventDate "2000.09.24"]
[EventType "team-swiss"]
[EventRounds "7"]
[EventCountry "BIH"]
[SourceTitle "CBM 080"]
[Source "ChessBase"]
[SourceDate "2001.01.25"]
[SourceVersion "1"]
[SourceVersionDate "2001.01.25"]
[SourceQuality "1"]
[WhiteTeam "Boksit Milici"]
[BlackTeam "Beer Sheva"]
[WhiteTeamCountry "BIH"]
[BlackTeamCountry "ISR"]

1. e4 e5 2. Nf3 Nc6 3. Bb5 a6 4. Ba4 Nf6 5. O-O Nxe4 6. d4 b5 7. Bb3 d5 8. dxe5
Be6 9. Nbd2 Bc5 10. Nxe4 $5 dxe4 11. Bxe6 {[%mdl 4] Besides white has two
lines:} (11. Qxd8+ $143) ({and} 11. Ng5 $1 {You can see comments to Khalifman,
A-Golod,V/Belgrad,1999/CBM 69 (1/2-1/2)(Golod,V) (52)}) 11... Qxd1 12. Rxd1
fxe6 13. Ng5 O-O 14. Nxe4 Bb6 15. Kf1 $5 {There are two principales
alternatives:} (15. a4 $5 {See comments to Gruenfeld,Y-Mikhalevski,A/Jerusalem,
1996/CBM 56(1-0) (Kanstler,B)(45)}) ({and} 15. Be3 $5 {See comments to Wahls,
M-Haba,P/BRD, 1991/Inf 51/333(1/2-1/2)(Haba,P)(25)}) 15... Nxe5 ({Other
possibilities are:} 15... Rf5 $5) ({and} 15... h6 $5 {See comments to Zontakh,
A-Skembris,S/Cutro,1999/Inf 75/309 (1/2-1/2) (Skembris,S)(44)}) 16. f3 ({
It deserves attention:} 16. Ke2 Nc4 (16... Rad8 $5 17. Bg5 Rxd1 18. Rxd1 Nc4
19. Be7 Re8 20. b3 Rxe7 21. bxc4 bxc4 22. Rd8+ Kf7 23. c3 h6 $11 {See
Shtyrenkov,V-Golod,V/Smolensk,1991 (1/2-1/2)(36)}) (16... Ng4 17. f3 Nf6 18.
Nc3 Rad8 19. Rxd8 Rxd8 20. Bd2 Nd5 {+/=/= Adams,M-Pribyl,M/GER-chT,1996(1-0) 
(57)}) 17. f3 Rad8 18. Rxd8 Rxd8 {-transfer to 16.f3(see the game after 18...
Nc4)}) 16... Rad8 17. Rxd8 ({Pretty dubious:} 17. Bg5 {in view of:} Rd5 $1 18.
Nc3 $140 Nxf3 $1 {[%csl Rg5][%cal Gd5g5]} 19. Nxd5 Nxg5+ $17) 17... Rxd8 18.
Ke2 Nc4 19. b3 $5 $146 {This move was not played in the next game:} (19. Bg5 $5
{See comments to McShane,L- Golod,V/Copenhagen,2000/CBM 78(1-0) (Golod,V) (52)}
) 19... Nd6 20. Nxd6 ({Now after:} 20. Bg5 $5 Rd7 21. Rd1 Kf7 {you can find
commentary in the game: McShane,L-Golod,V/Copenhagen,2000 /CBM 78}) 20... cxd6
$14 {[%mdl 4096]} 21. c3 ({Also can be recommended:} 21. Bd2) ({and} 21. a4)
21... Rc8 ({After:} 21... Kf7 $6 22. a4 Rb8 23. axb5 axb5 24. Ra6 {white has a
firm advantage in the endgame.}) 22. Bd2 Bd8 $1 {[%csl Rc3][%cal Gd8f6] /\Bf6
קc3;/^a1-h8} 23. a4 Bf6 24. axb5 axb5 25. Ra6 {Probably,it's inaccuracy.} ({
In my opinion better is:} 25. b4 $5 Rc4 (25... Bxc3 $4 26. Rc1 {[%csl Rc8]})
26. Kd3 d5 27. Ra5 (27. Ra8+ $143 Kf7 28. Ra7+ Kf8 29. Rb7 d4 30. cxd4 Rxd4+
31. Kc2 Rd5 32. Bc3 e5 33. Rc7 Be7 $11) 27... d4 28. Rxb5 (28. cxd4 Rxd4+ 29.
Kc2 Rd5) 28... dxc3 29. Be3 $5 $14 (29. Kxc4 $4 cxd2 30. Rb8+ Kf7 {[%csl Yf6]
[%cal Yf6d8]} 31. Rb7+ Ke8 32. Rb8+ Bd8 $19)) 25... Bxc3 26. Rxd6 Bxd2 $1 {
After bishops was exchanged black always will have a approximately equal
endgame.} (26... Kf7 $2 27. Be3 $14) 27. Kxd2 Kf7 28. Rb6 Rc5 29. b4 Rh5 $1 30.
h3 $140 Rd5+ 31. Ke3 h5 {[%cal Gh5h4] /\h4} 32. g3 ({Also equality after:} 32.
h4 g5 $11) ({and} 32. g4 hxg4 33. hxg4 g5 $11) 32... g5 $11 33. h4 gxh4 34.
gxh4 Kf6 35. Ke4 Re5+ 36. Kf4 Rf5+ 1/2-1/2

[Event "EU-ch 1st"]
[Site "Saint Vincent"]
[Date "2000.07.04"]
[Round "2"]
[White "Galkin, Alexander"]
[Black "Mikhalevski, Alexander"]
[Result "1-0"]
[WhiteElo "2587"]
[BlackElo "2464"]
[Annotator "Hecht,H"]
[PlyCount "143"]
[EventDate "2000.07.03"]
[EventType "swiss"]
[EventRounds "11"]
[EventCountry "ITA"]
[SourceTitle "CBM 078"]
[Source "ChessBase"]
[SourceDate "2000.10.18"]
[SourceVersion "1"]
[SourceVersionDate "2000.10.18"]
[SourceQuality "1"]

1. e4 e5 2. Nf3 Nc6 3. Bb5 a6 4. Ba4 Nf6 5. O-O Nxe4 6. d4 b5 7. Bb3 d5 8. dxe5
Be6 9. Nbd2 Bc5 10. Nxe4 dxe4 11. Ng5 Qxd1 12. Rxd1 Bxb3 13. axb3 Bb6 14. Bf4
Ke7 15. Nxe4 Ke6 16. Be3 Bxe3 17. fxe3 Ke7 18. Rd5 Nb4 19. Rc5 Rac8 20. Rd1
Rhd8 21. Rd4 a5 22. Kf1 Rd7 23. Nd6 Rb8 24. Nf5+ Kd8 25. Nxg7 c6 26. e6 fxe6
27. Nxe6+ Ke7 28. Re5 Kf6 29. Rxd7 Kxe5 30. Nd4 c5 31. Nf3+ Ke6 32. Rd2 a4 33.
c3 Nc6 34. Ng5+ Ke5 35. Nf7+ Ke4 36. bxa4 Kxe3 37. Re2+ Kd3 38. axb5 Rxb5 39.
Ke1 Ra5 40. Ne5+ Nxe5 41. Rxe5 Ra2 42. Re2 Ra6 43. Rd2+ Kc4 44. b4 ({einfacher
war} 44. Kf2 Kb3 45. g4 Ra2 46. h4 Rxb2 47. Rxb2+ Kxb2 48. g5 (48. c4 Kc3 49.
g5 Kxc4 50. h5 Kd3 51. g6 hxg6 52. hxg6 c4 53. g7 c3 54. g8=Q $18) 48... Kxc3
49. h5 c4 50. g6 hxg6 51. h6 $1 $18 (51. hxg6 $2 Kb2 52. g7 c3 53. g8=Q c2 $11)
) 44... cxb4 45. cxb4 Kxb4 {[#] Bei abgeschnittenem schwarzen König hat Weiß
relativ leichtes Spiel} 46. Rd7 Rh6 (46... h6 47. Kf2 Rf6+ 48. Kg3 Rg6+ 49. Kh3
Kc5 50. g4 h5 51. gxh5 Rg5 52. Kh4 Rg2 53. h3 Kc6 54. Rd3 Rg1 55. h6 Rg8 56.
Kh5 Kc7 57. h7 $18) 47. h3 Kc5 48. Kf2 Kc6 49. Rd3 Rg6 50. Kf3 Rf6+ 51. Ke4 Rf2
52. g4 Rf7 53. Ke5 Rg7 ({Hoffnungslos ist auch das weitere Abwarten mit} 53...
Rf1 54. h4 Kc7 55. g5 Rh1 56. Rd4 Rf1 57. h5 Rh1 58. h6 Rf1 59. g6 hxg6 60. Rh4
g5 61. Rh5 Rf8 62. h7 Rh8 63. Kf6 g4 64. Kg7 $18) 54. Kf6 Rg6+ 55. Kf5 Rh6 56.
Kg5 Rg6+ 57. Kh5 Kc7 58. Rd5 Ra6 59. h4 Ra4 60. g5 Ra6 61. Rf5 Kd8 62. Rf7 Ke8
63. Rxh7 {[#] Es folgt das elementare Gewinnverfahren mit den Bauern g+h.} Kf8
64. Rb7 Kg8 65. g6 Ra4 66. Kg5 Rc4 67. h5 Rc5+ 68. Kh6 Rc8 69. Rb5 $1 Ra8 70.
Kg5 Kg7 71. h6+ Kh8 72. h7 {[%cal Rg5h6]} 1-0

[Event "ISR-ch"]
[Site "Jerusalem"]
[Date "1996.??.??"]
[Round "6"]
[White "Gruenfeld, Yehuda"]
[Black "Mikhalevski, Alexander"]
[Result "1/2-1/2"]
[WhiteElo "2520"]
[BlackElo "2460"]
[Annotator "Kantsler,B"]
[PlyCount "90"]
[EventDate "1996.10.26"]
[EventType "swiss"]
[EventRounds "9"]
[EventCountry "ISR"]
[SourceTitle "CBM 056"]
[Source "ChessBase"]
[SourceDate "1997.02.01"]
[SourceVersion "1"]
[SourceVersionDate "1997.02.01"]
[SourceQuality "1"]

1. e4 {Baburin} e5 2. Nf3 Nc6 3. Bb5 a6 4. Ba4 Nf6 5. O-O Nxe4 6. d4 b5 7. Bb3
d5 8. dxe5 Be6 9. Nbd2 Bc5 10. Nxe4 dxe4 11. Bxe6 (11. Qxd8+ Rxd8 12. Ng5 Bd5
13. e6 fxe6 14. Bxd5 exd5 15. Ne6 Bb6 16. Nxd8 Kxd8 $13 {Stisis,Y-Mikhalevsky,
A/ISR/1996/0:1/50/}) (11. Ng5 Qxd1 12. Rxd1 Bxb3 13. axb3 Ke7 (13... Bb6 14.
Nxe4 Nd4 (14... Nxe5 $5 15. Bg5 O-O 16. Rd2 Nc6 17. Nc3 Bd4 18. Bf4 $14 {
Wang,Z-Kolev,A/Moscow-olm/1994/1:0/51/})) (13... O-O 14. Nxe4 Bb6 15. Be3 $6 (
15. Bf4 $5 Rfe8 16. Nc3 $14) 15... Bxe3 16. fxe3 Nxe5 17. h3 f6 18. Nc5 $14 {
Tyomkin,D-Rapoport,E/ISR-ch/1996/1:0/52/}) 14. Nxe4 Bb6 15. Bf4 h6 16. Nc3 Nb4
17. Nd5+ Nxd5 18. Rxd5 $14 {Peng,X-Gretarsson,H/Moscow-olm/1994/}) 11... Qxd1
12. Rxd1 fxe6 {Baburin: Here in compensation for the doubled and weak pawns on
the e-file Black has pressure along the f-file and against the e5-pawn.} 13.
Ng5 O-O 14. Nxe4 Bb6 15. a4 Nd4 $5 {N/} (15... Nxe5 16. h3 $6 (16. Kf1 $5) (16.
Kf1 $142 $5 {/\} Ng4 17. f3) 16... Nc4 {/\ Nd6 ><f2} 17. Re1 Rac8 {><c2} (17...
Nd6 $6 18. Be3 $1) 18. Kf1 (18. b3 Nd6 19. Be3 Nxe4 20. Bxb6 cxb6 21. Rxe4 Rxc2
) 18... Nd6 19. f3 Nf5 {/\ Nd4, |^/^a7-g1 ><g3} 20. c3 Rcd8 {Baburin} 21. Bf4 {
/\ a5} Rd5 $1 22. Red1 (22. a5 Ba7 23. Bxc7 Ne3+) (22. Ng5 e5 $1) 22... bxa4 $1
23. Rxd5 $1 $17 (23. Re1 $1 $8) 23... exd5 24. Nf2 g5 $1 $19 25. Be5 (25. Bxg5
$2 Ng3+ 26. Kg1 Bxf2+ 27. Kxf2 Ne4+) (25. Bd2 Ng3+ 26. Kg1 Re8 27. Re1 $8 Rxe1+
28. Bxe1 Ne2+ $1 29. Kf1 Nf4 {/\ Bf2, Nd3} 30. Bd2 Bxf2 31. Bxf4 gxf4) 25...
Re8 $1 (25... Ne3+) 26. Ng4 $8 Re6 $1 (26... Kf7 $6 27. Bh2 {/\ Ne5}) 27. Re1
$8 h5 28. Nf6+ Rxf6 $1 29. g4 $1 $8 (29. Bxf6 $2 Ng3#) 29... Ne3+ $1 30. Rxe3
Bxe3 31. Bxf6 hxg4 32. hxg4 Kf7 33. Bh8 c5 $1 34. Ke2 Bc1 35. Kd3 Bxb2 36. Kc2
Ba1 $3 37. Be5 {  0-1 Gruenfeld,Y-Mikhalevski,V/Tel_Aviv 1994}) 16. axb5 $6 (
16. c3 $5 Nb3 17. Ra3 (17. Rb1 bxa4 $17) 17... Rad8 18. Re1 Nxc1 19. Rxc1 Rd5
20. axb5 axb5 21. Re1 (21. Kf1 $2 Bxf2 $1 22. Nxf2 Rd2 $19) 21... Rxe5 22. Kf1
$10) 16... Nxc2 17. Rxa6 Rad8 18. Rd2 $2 (18. Rf1 $32 Rd5 $15) 18... Rd5 $1 19.
Ra4 Nd4 20. Ng3 $2 (20. Kf1 $2 Nb3 21. Rxd5 exd5 $19) (20. Rc4 Ne2+ 21. Kh1
Nxc1 22. Rxc1 Rxd2 23. Nxd2 Rxf2 $17) (20. Nc3 $32 Rxe5 21. Rd1 $15) 20... Rxe5
$6 (20... Nb3 $1 21. Rxd5 Bxf2+ 22. Kh1 exd5 $17) 21. Rd1 Nxb5 22. Be3 $5 (22.
Bf4 $6 Rd5 $17) (22. Rf1 $6 Rxf2 $1 23. Rxf2 Re1+ 24. Nf1 Bxf2+ 25. Kxf2 Rxc1
$17) 22... Bxe3 23. fxe3 Rxe3 24. Rc4 h6 25. Rc5 Nd4 26. Rxc7 Ne2+ 27. Kh1 (27.
Nxe2 Rxe2 28. Rc3 Rxb2 $15) 27... Nxg3+ 28. hxg3 Rxg3 29. Rd2 Rb8 30. Kh2 Rg5
31. Re7 e5 32. Re2 Rb5 33. Rf2 Kh7 34. Re6 h5 35. Re7 Kh6 36. Re8 g6 37. Re6
Rg4 38. Re2 Rg5 39. Rf2 h4 40. Kh1 Kh5 41. Kh2 Kh6 $10 42. Kh1 Kh5 43. Kh2 Rf5
44. Re2 Kh6 45. Re4 Rxb2 1/2-1/2

[Event "EU-Cup 10th final"]
[Site "Lyon"]
[Date "1994.11.20"]
[Round "3"]
[White "Anand, Viswanathan"]
[Black "Sokolov, Ivan"]
[Result "0-1"]
[WhiteElo "2720"]
[BlackElo "2625"]
[Annotator "Kortschnoj,V"]
[PlyCount "106"]
[EventDate "1994.11.18"]
[EventType "team-k.o."]
[EventRounds "3"]
[EventCountry "FRA"]
[SourceTitle "EXT 2020"]
[Source "ChessBase"]
[SourceDate "2019.10.17"]
[SourceVersion "1"]
[SourceVersionDate "2019.10.17"]
[SourceQuality "1"]
[WhiteTeam "Lyon-Oyonnax Echecs"]
[BlackTeam "Sarajevo Bosna"]
[WhiteTeamCountry "FRA"]
[BlackTeamCountry "BIH"]

1. e4 {Dorfman} e5 2. Nf3 Nc6 3. Bb5 a6 4. Ba4 Nf6 5. O-O Nxe4 6. d4 b5 7. Bb3
d5 8. dxe5 Be6 9. Nbd2 Nc5 10. c3 d4 11. Ng5 Bd5 $5 {This is a new idea} (11...
dxc3 12. Nxe6 fxe6 13. bxc3 {+=}) (11... Qxg5 12. Qf3 {~} Bd7 13. Bxf7+ Ke7 14.
Bd5 Nxe5 15. Qe2 d3 {~}) 12. Bxd5 (12. Nxf7 Kxf7 13. Qf3+ Ke6 {~}) 12... Qxd5
13. Nb3 Nxb3 (13... Rd8 {Dorfman} 14. Nxc5 Bxc5 15. e6 fxe6 16. Nxe6 Qxe6 17.
Re1 Ne5 18. Qh5+ {+-}) (13... d3 {Dorfman} 14. Nd4 Nxe5 15. Re1 Be7 16. Nf5 $36
) 14. axb3 Be7 15. Nf3 Nxe5 (15... d3 $1 {~} 16. Bg5 {Dorfman} (16. Nd4 {~})
16... Bxg5 17. Nxg5 O-O {=}) 16. Nxd4 Ng6 17. Qf3 Qxf3 18. Nxf3 c5 19. Rd1 {+=}
O-O 20. Be3 Rfc8 (20... Rfd8 {Dorfman} 21. Rxd8+ Rxd8 22. Kf1 Ra8 23. Rd1 {+/-}
) 21. Kf1 Nf8 (21... Kf8 $6 {Dorfman} 22. Rd7 Ke8 23. Rb7 {+/- /\Rb6}) 22. Ne5
Bf6 23. Rd5 Bxe5 24. Rxe5 Ne6 25. f4 $6 (25. Rd5 Rc6 26. Ke2 {+=}) 25... g6 26.
g4 Kg7 27. f5 $2 (27. Ke2 $142 {+/-}) 27... gxf5 28. gxf5 $2 (28. Rxf5 $142)
28... Kf6 29. Rd5 Rd8 30. Rad1 $2 (30. Rxd8 Nxd8 31. Bxc5 Kxf5 {=+}) 30... Rxd5
31. Rxd5 Rd8 32. Rxd8 Nxd8 33. Bxc5 Kxf5 {-/+} 34. Ke2 Ke4 35. Be7 Ne6 36. Bf6
Nf4+ 37. Kd2 Nd5 38. Bg7 f5 39. Bf8 (39. c4 Nc7 {/\Ne6}) 39... Ne3 40. Ke2 f4
41. Bd6 f3+ 42. Ke1 Nc2+ 43. Kd2 Na1 $1 {-+} 44. b4 Nb3+ 45. Ke1 Nc1 {Winning
a pawn.} 46. Kf1 Nd3 47. b3 Nc1 48. c4 Nxb3 49. c5 Nd4 50. Bg3 Nc6 51. Be1 Ke3
52. Bf2+ Kd3 53. Be1 a5 $1 (53... a5 54. bxa5 b4 55. Bh4 b3 56. Bf6 Nd4 {-+})
0-1

[Event "World Cup"]
[Site "Khanty-Mansiysk"]
[Date "2009.11.21"]
[Round "1.1"]
[White "Efimenko, Zahar"]
[Black "Milos, Gilberto"]
[Result "0-1"]
[WhiteElo "2668"]
[BlackElo "2603"]
[Annotator "Marin,M"]
[PlyCount "100"]
[EventDate "2009.11.21"]
[EventType "k.o."]
[EventRounds "7"]
[EventCountry "RUS"]
[SourceTitle "CBM 134"]
[Source "ChessBase"]
[SourceDate "2010.01.18"]
[SourceVersion "1"]
[SourceVersionDate "2010.01.18"]
[SourceQuality "1"]

1. e4 e5 2. Nf3 Nc6 3. Bb5 a6 4. Ba4 Nf6 5. O-O Nxe4 6. d4 b5 7. Bb3 d5 8. dxe5
Be6 9. Nbd2 Nc5 10. c3 Nxb3 $5 11. Nxb3 Be7 12. h3 ({Just two months earlier,
Efimenko had played} 12. Nfd4 Nxd4 13. cxd4 {, which was considered to be the
main line. However, after} a5 $5 $146 {Black obtained good counterplay:} 14.
Qc2 Qd7 15. Be3 Bf5 16. Qc1 h6 17. Nc5 Qc6 18. Qd1 Qg6 19. Rc1 O-O 20. Bf4 h5
21. f3 a4 {Efimenko,Z (2654)-Short,N (2706)/Mukachevo 2009/CBM 133 (1/2, 50)})
12... O-O 13. Be3 ({Another game of Short went} 13. Re1 a5 {(Apparently, this
is Short's favourite method in this line: by advancing the a-pawn at an early
stage, he forces White to define his intentions on the queenside).} 14. a4 bxa4
15. Rxa4 Qd7 16. Nbd4 Nxd4 17. cxd4 Rfb8 18. Bd2 Rxb2 19. Rxa5 Rxa5 20. Bxa5
Bf5 21. Bc3 Rb6 22. Kh2 h6 23. Qa1 Rg6 $36 {Adams,M (2698)-Short,N (2707)/
London 2009 (1/2, 43). We can notice certain similarity between the two games
with Short on the black side: counterplay on light squares and some kingside
pressure. The main difference is that in one game he placed his queen on g6
and in the other one - his rook.}) 13... f6 14. Nfd4 $146 (14. Nbd4 Nxd4 15.
cxd4 {Leitao,R (2571)-Sega,C (2291)/Sao Paulo 2002/CBM 088/[Postny] (1/2, 27)})
14... Nxd4 15. Qxd4 c5 16. Qd2 Rc8 $1 {A strong move, overdefending the
c5-pawn in order to ensure the mobility of the dark-squared bishop.} 17. exf6
Rxf6 18. Bg5 Rg6 19. Bxe7 Qxe7 20. Rae1 Qh4 {Once again, Black has obtained
strong pressure against the white kingside. Besides, he has an advantage in
the centre. The queen can occupy this active square only because the c5-pawn
is well defended.} 21. Re3 d4 22. Rg3 Rxg3 23. fxg3 Qxg3 24. cxd4 Bxb3 25. axb3
cxd4 26. Qxd4 Qxb3 27. Qd6 Re8 28. Qxa6 Qxb2 29. Qb7 Qd4+ 30. Kh1 Qc4 31. Rf5
h6 32. Kh2 b4 33. Rf3 Qe4 34. Qxe4 Rxe4 35. Rf5 b3 36. Rb5 Re3 37. Rb4 h5 38.
h4 Kf8 39. Kg1 Rc3 40. Kf1 Ke8 41. Ke2 g6 42. Rb6 Kf7 43. Kd2 Rc2+ 44. Kd1 Rxg2
45. Rxb3 Kf6 46. Ke1 Kf5 47. Kf1 Rg4 48. Rh3 Ra4 49. Rf3+ Kg4 50. Rf6 Rf4+ 0-1